[Event "SVK-chT2A 2223"]
[Site "Slovakia"]
[Date "2023.02.12"]
[Round "9.2"]
[White "Schwarz, Dusan"]
[Black "Kavon, Rastislav"]
[Result "1-0"]
[WhiteElo "2288"]
[BlackElo "2115"]
[PlyCount "67"]
[EventDate "2022.10.08"]
[EventType "team-tourn"]
[EventRounds "11"]
[EventCountry "SVK"]
[SourceTitle "EXT 2024"]
[Source "ChessBase"]
[SourceDate "2023.10.10"]
[SourceVersion "1"]
[SourceVersionDate "2023.10.10"]
[SourceQuality "1"]
[WhiteTeam "Bratislava Doprastav II"]
[BlackTeam "Modranka Komplet"]
[WhiteTeamCountry "SVK"]
[BlackTeamCountry "SVK"]

1. d4 Nf6 2. c4 g6 3. h4 Bg7 4. Nc3 d6 5. e4 c5 6. d5 0-0 7. Be2 a6 8. a4 b6 9. h5 Qc7 10. Bf4 Rd8 11. hxg6 fxg6 12. Qd2 Nbd7 13. Bh6 Nf8 14. Bxg7 Kxg7 15. Nf3 e5 16. Qh6+ Kg8 17. Ng5 Qg7 18. Qh4 Bd7 19. g3 Re8 20. Kf1 Rab8 21. Kg2 Re7 22. Rab1 a5 23. Rbf1 h5 24. f4 Bg4 25. f5 gxf5 26. exf5 Bxe2 27. Nxe2 N8h7 28. Ne6 Qh6 29. Nc3 Rd7 30. g4 Qe3 31. Rh3 Qd2+ 32. Rf2 Qe1 33. g5 Ng4 34. Re2 1-0

[Event "SVK-chT2A 2223"]
[Site "Slovakia"]
[Date "2023.01.15"]
[Round "7.3"]
[White "Kavon, Rastislav"]
[Black "Abel, Peter"]
[Result "1/2-1/2"]
[WhiteElo "2115"]
[BlackElo "2224"]
[PlyCount "25"]
[EventDate "2022.10.08"]
[EventType "team-tourn"]
[EventRounds "11"]
[EventCountry "SVK"]
[SourceTitle "EXT 2024"]
[Source "ChessBase"]
[SourceDate "2023.10.10"]
[SourceVersion "1"]
[SourceVersionDate "2023.10.10"]
[SourceQuality "1"]
[WhiteTeam "Modranka Komplet"]
[BlackTeam "Piestany Kupele"]
[WhiteTeamCountry "SVK"]
[BlackTeamCountry "SVK"]

1. e4 Nf6 2. Nc3 d5 3. exd5 Nxd5 4. g3 Nxc3 5. bxc3 Qd5 6. Qf3 Qe5+ 7. Ne2 Qf5 8. Qxf5 Bxf5 9. Bg2 c6 10. Nd4 Bc8 11. Rb1 e6 12. d3 Bd6 13. Be3 1/2-1/2

[Event "SVK-chT1W 2223"]
[Site "Slovakia"]
[Date "2023.01.14"]
[Round "7.6"]
[White "Zdrazil, Patrik"]
[Black "Kavon, Rastislav"]
[Result "1-0"]
[WhiteElo "2013"]
[BlackElo "2129"]
[PlyCount "73"]
[EventDate "2022.10.15"]
[EventType "team-tourn"]
[EventRounds "11"]
[EventCountry "SVK"]
[SourceTitle "EXT 2024"]
[Source "ChessBase"]
[SourceDate "2023.10.10"]
[SourceVersion "1"]
[SourceVersionDate "2023.10.10"]
[SourceQuality "1"]
[WhiteTeam "Povazska Bystrica"]
[BlackTeam "Trnava Sered"]
[WhiteTeamCountry "SVK"]
[BlackTeamCountry "SVK"]

1. e4 e5 2. Nf3 Nc6 3. Bb5 a6 4. Ba4 Nf6 5. d3 d6 6. c3 b5 7. Bc2 Bb7 8. 0-0 Be7 9. Nbd2 0-0 10. Re1 Re8 11. Nf1 h6 12. Ng3 Bf8 13. d4 Rb8 14. a4 Bc8 15. axb5 axb5 16. Bb3 Bg4 17. Ra6 Qd7 18. d5 Ne7 19. h3 Bxf3 20. Qxf3 Nh7 21. Bd2 Rb7 22. c4 Reb8 23. Bc3 Ng5 24. Qd3 Ng6 25. Nf5 Nf4 26. Qc2 g6 27. c5 gxf5 28. c6 Qd8 29. cxb7 Nf3+ 30. Kf1 Nh2+ 31. Kg1 Nf3+ 32. Kf1 Nxe1 33. Bxe1 Rxb7 34. exf5 b4 35. Qe4 Rb5 36. g3 Nh5 37. Qe2 1-0

[Event "SVK-chT1W 2223"]
[Site "Slovakia"]
[Date "2022.10.16"]
[Round "2.3"]
[White "Kolcak, Marek"]
[Black "Kavon, Rastislav"]
[Result "0-1"]
[WhiteElo "2079"]
[BlackElo "2129"]
[PlyCount "112"]
[EventDate "2022.10.15"]
[EventType "team-tourn"]
[EventRounds "11"]
[EventCountry "SVK"]
[SourceTitle "EXT 2024"]
[Source "ChessBase"]
[SourceDate "2023.10.10"]
[SourceVersion "1"]
[SourceVersionDate "2023.10.10"]
[SourceQuality "1"]
[WhiteTeam "Bratislava Slovan III"]
[BlackTeam "Trnava Sered"]
[WhiteTeamCountry "SVK"]
[BlackTeamCountry "SVK"]

1. e4 e5 2. Nf3 Nc6 3. Bb5 a6 4. Bxc6 dxc6 5. 0-0 Bg4 6. h3 Bxf3 7. Qxf3 Qd7 8. d3 0-0-0 9. Be3 g6 10. Nd2 f5 11. Nc4 Bg7 12. exf5 gxf5 13. Rfe1 Qf7 14. Bg5 Re8 15. Qe3 Kb8 16. Qc5 e4 17. Be3 b6 18. Qxc6 Nf6 19. Qa4 Ka7 20. Na5 Qd5 21. c4 Qd7 22. Qxd7 Nxd7 23. dxe4 Rxe4 24. Rad1 Ne5 25. f4 Nxc4 26. Nxc4 Rxc4 27. b3 Rc2 28. Rc1 Rxc1 29. Rxc1 Kb7 30. Rd1 Kc6 31. g4 Bf6 32. g5 Be7 33. Kg2 h6 34. h4 h5 35. Rc1+ Kd7 36. Bd4 Rg8 37. Kf3 c5 38. Be5 Kc6 39. Re1 Kd7 40. Bc3 Bd6 41. Bf6 Rg6 42. Be5 Be7 43. Rd1+ Kc6 44. a4 Rg8 45. Ke3 Rg6 46. Kd3 Rg8 47. Kc4 Rg6 48. Rd2 Re6 49. Rg2 Rg6 50. Rg1 Bf8 51. Bf6 Bd6 52. Re1 Rg8 53. Be5 Re8 54. Rg1 Bxe5 55. fxe5 Rxe5 56. g6 Re3 0-1

[Event "SVK-chT1W 2223"]
[Site "Slovakia"]
[Date "2022.10.15"]
[Round "1.4"]
[White "Vadila, Ondrej"]
[Black "Kavon, Rastislav"]
[Result "1/2-1/2"]
[WhiteElo "2168"]
[BlackElo "2129"]
[PlyCount "30"]
[EventDate "2022.10.15"]
[EventType "team-tourn"]
[EventRounds "11"]
[EventCountry "SVK"]
[SourceTitle "EXT 2024"]
[Source "ChessBase"]
[SourceDate "2023.10.10"]
[SourceVersion "1"]
[SourceVersionDate "2023.10.10"]
[SourceQuality "1"]
[WhiteTeam "Bratislava Slovan II"]
[BlackTeam "Trnava Sered"]
[WhiteTeamCountry "SVK"]
[BlackTeamCountry "SVK"]

1. d4 Nf6 2. Bf4 g6 3. Nc3 Bg7 4. e4 d6 5. Qd2 0-0 6. 0-0-0 Re8 7. f3 c6 8. Bh6 Bh8 9. h4 b5 10. h5 Qa5 11. hxg6 fxg6 12. Kb1 Be6 13. Nd5 Qxd2 14. Nxf6+ Bxf6 15. Rxd2 a6 1/2-1/2

[Event "SVK-chT2A 2122"]
[Site "Slovakia"]
[Date "2022.03.06"]
[Round "6.6"]
[White "Markuliak, Mario"]
[Black "Kavon, Rastislav"]
[Result "0-1"]
[WhiteElo "1827"]
[BlackElo "2112"]
[PlyCount "102"]
[EventDate "2021.10.16"]
[EventType "team-tourn"]
[EventRounds "11"]
[EventCountry "SVK"]
[SourceTitle "EXT 2023"]
[Source "ChessBase"]
[SourceDate "2022.10.05"]
[SourceVersion "1"]
[SourceVersionDate "2022.10.05"]
[SourceQuality "1"]
[WhiteTeam "Cífer"]
[BlackTeam "Trnava Sered"]
[WhiteTeamCountry "SVK"]
[BlackTeamCountry "SVK"]

1. e4 e5 2. Nf3 Nc6 3. Bc4 Bc5 4. 0-0 Nf6 5. Nc3 0-0 6. d3 h6 7. a3 d6 8. h3 Ne7 9. b4 Bb6 10. Na4 Ng6 11. Re1 Re8 12. c3 Be6 13. Nxb6 axb6 14. Qb3 Nh5 15. Bxe6 Rxe6 16. Be3 Ngf4 17. Qd1 d5 18. Kh2 Ng6 19. Ng5 hxg5 20. Qxh5 Nf4 21. Bxf4 gxf4 22. exd5 Qxd5 23. d4 Rg6 24. f3 Qb3 25. Rxe5 Rxg2+ 26. Kxg2 Qb2+ 27. Kf1 Qxa1+ 28. Re1 Qxc3 29. Re7 Qc4+ 30. Kg2 Qa2+ 31. Kf1 Qa1+ 32. Kg2 Qb2+ 33. Kf1 Qc1+ 34. Kg2 Qc2+ 35. Kf1 Qd3+ 36. Kg2 Qc2+ 37. Kf1 Qc4+ 38. Kg2 Rd8 39. d5 Qa2+ 40. Kf1 Qa1+ 41. Kg2 Qb2+ 42. Kf1 Qf6 43. Rxc7 g6 44. Qg4 Qa1+ 45. Kg2 Qb2+ 46. Kf1 Rxd5 47. Qc8+ Kg7 48. Rc2 Qa1+ 49. Kg2 Rg5+ 50. Kf2 Qg1+ 51. Ke2 Qe3+ 0-1

[Event "SVK-chT2A 2122"]
[Site "Slovakia"]
[Date "2022.03.05"]
[Round "5.5"]
[White "Kavon, Rastislav"]
[Black "Shirinyan, Daniel"]
[Result "1/2-1/2"]
[WhiteElo "2112"]
[BlackElo "1893"]
[PlyCount "87"]
[EventDate "2021.10.16"]
[EventType "team-tourn"]
[EventRounds "11"]
[EventCountry "SVK"]
[SourceTitle "EXT 2023"]
[Source "ChessBase"]
[SourceDate "2022.10.05"]
[SourceVersion "1"]
[SourceVersionDate "2022.10.05"]
[SourceQuality "1"]
[WhiteTeam "Trnava Sered"]
[BlackTeam "Senec"]
[WhiteTeamCountry "SVK"]
[BlackTeamCountry "SVK"]

1. e4 d6 2. d4 Nf6 3. Nc3 g6 4. f4 Bg7 5. Nf3 c5 6. Bb5+ Bd7 7. Bxd7+ Nfxd7 8. d5 Na6 9. 0-0 Nc7 10. Qe2 0-0 11. a4 a6 12. Be3 Nf6 13. Rad1 b5 14. e5 Ng4 15. h3 Nxe3 16. Qxe3 Rb8 17. axb5 axb5 18. Ne4 b4 19. Qd3 Nb5 20. c4 bxc3 21. bxc3 f5 22. Neg5 Nc7 23. Rfe1 Rb6 24. Nd2 dxe5 25. fxe5 Qxd5 26. Qxd5+ Nxd5 27. Nc4 Nxc3 28. Nxb6 Nxd1 29. Rxd1 Bxe5 30. Nd7 Bd4+ 31. Rxd4 cxd4 32. Nxf8 Kxf8 33. Ne6+ Kf7 34. Nxd4 Kf6 35. Kf2 g5 36. Ke3 h5 37. Nc6 e5 38. Nb4 Ke6 39. Kd3 Kd6 40. Nc2 Ke6 41. Ke3 Kd5 42. Nb4+ Kc4 43. Nd3 Kd5 44. Nb4+ 1/2-1/2

[Event "SVK-chT2A 1920"]
[Site "Slovakia"]
[Date "2020.03.07"]
[Round "10.6"]
[White "Spacek, Marcel"]
[Black "Kavon, Rastislav"]
[Result "0-1"]
[WhiteElo "1867"]
[BlackElo "2133"]
[PlyCount "80"]
[EventDate "2019.10.26"]
[EventType "team-tourn"]
[EventRounds "11"]
[EventCountry "SVK"]
[SourceTitle "CBM 195 Extra"]
[Source "ChessBase"]
[SourceDate "2020.05.31"]
[SourceVersion "1"]
[SourceVersionDate "2020.05.31"]
[SourceQuality "1"]
[WhiteTeam "Osuske II"]
[BlackTeam "Trnava Sered"]
[WhiteTeamCountry "SVK"]
[BlackTeamCountry "SVK"]

1. d4 Nf6 2. c4 g6 3. Nc3 Bg7 4. e4 d6 5. f3 0-0 6. Be3 e5 7. Nge2 Nc6 8. d5 Ne7 9. g4 c6 10. Ng3 cxd5 11. cxd5 a6 12. h4 Qa5 13. Qd2 b5 14. h5 Re8 15. g5 Nd7 16. Bd3 Bb7 17. hxg6 fxg6 18. Qh2 Nf8 19. Nf5 gxf5 20. exf5 e4 21. f6 exd3 22. fxg7 Kxg7 23. Bd4+ Kg8 24. 0-0-0 Nf5 25. Bf6 b4 26. g6 h6 27. g7 Nh7 28. Qf4 bxc3 29. Qxf5 d2+ 30. Kb1 Bxd5 31. b3 Be4+ 32. fxe4 Qxf5 33. exf5 Nxf6 34. Rxh6 Re1 35. Kc2 Nd5 36. Rh8+ Kxg7 37. Rxa8 Rxd1 38. Kxd1 Ne3+ 39. Ke2 d1Q+ 40. Kxe3 c2 0-1

[Event "SVK-chT2A 1920"]
[Site "Slovakia"]
[Date "2020.01.26"]
[Round "7.3"]
[White "Kavon, Rastislav"]
[Black "Liptak, Tomas"]
[Result "0-1"]
[WhiteElo "2133"]
[BlackElo "2186"]
[PlyCount "72"]
[EventDate "2019.10.26"]
[EventType "team-tourn"]
[EventRounds "11"]
[EventCountry "SVK"]
[SourceTitle "CBM 194 Extra"]
[Source "ChessBase"]
[SourceDate "2020.03.31"]
[SourceVersion "1"]
[SourceVersionDate "2020.03.31"]
[SourceQuality "1"]
[WhiteTeam "Trnava Sered"]
[BlackTeam "Cifer"]
[WhiteTeamCountry "SVK"]
[BlackTeamCountry "SVK"]

1. e4 c5 2. Nc3 a6 3. f4 e6 4. Nf3 d5 5. e5 Nc6 6. d3 Nge7 7. Be2 b5 8. 0-0 Nf5 9. a4 b4 10. Nb1 h5 11. c3 Qb6 12. Qe1 Be7 13. Qf2 Bd7 14. g3 Na5 15. Nbd2 g6 16. Ng5 bxc3 17. bxc3 Qc7 18. Ndf3 Rb8 19. h3 Nb3 20. Ra2 Qa5 21. c4 d4 22. Nd2 Nxc1 23. Rxc1 Bc6 24. Bf3 Qc7 25. Bxc6+ Qxc6 26. Nde4 Rb4 27. Rca1 Qb7 28. h4 Kf8 29. Rc1 Kg7 30. Qf3 Rb8 31. g4 hxg4 32. Qxg4 Rb1 33. Ra1 Rxa1 34. Rxa1 Qb2 35. Rf1 Rh8 36. Nf3 Ne3 0-1

[Event "SVK-chT1W 1819"]
[Site "Slovakia"]
[Date "2019.01.13"]
[Round "6.3"]
[White "Borosova, Zuzana"]
[Black "Kavon, Rastislav"]
[Result "1-0"]
[WhiteElo "2244"]
[BlackElo "2191"]
[PlyCount "79"]
[EventDate "2018.10.27"]
[EventType "team-tourn"]
[EventRounds "11"]
[EventCountry "SVK"]
[SourceTitle "CBM 188 Extra"]
[Source "ChessBase"]
[SourceDate "2019.02.26"]
[SourceVersion "1"]
[SourceVersionDate "2019.02.26"]
[SourceQuality "1"]
[WhiteTeam "Nitra ASK"]
[BlackTeam "Trnava Sered"]
[WhiteTeamCountry "SVK"]
[BlackTeamCountry "SVK"]

1. e4 e5 2. Nf3 Nc6 3. d4 exd4 4. Nxd4 Bc5 5. Nxc6 Qf6 6. Qf3 Qxf3 7. gxf3 bxc6 8. Nd2 Nf6 9. Nb3 Bd6 10. Bd2 Be5 11. 0-0-0 Nh5 12. Na5 Rb8 13. c3 Bf4 14. Be3 c5 15. Rd5 g6 16. Rxc5 c6 17. Bxf4 Nxf4 18. Nc4 Ba6 19. Ra5 Bxc4 20. Bxc4 Rb7 21. Ba6 Rb6 22. Rd1 Ke7 23. Bc4 Rb7 24. b3 f6 25. Kd2 g5 26. Ke3 Ng6 27. b4 h5 28. Rb1 Rhb8 29. Rg1 h4 30. Rd1 d6 31. Rb1 Rc7 32. Rb3 Nf4 33. Rba3 Rbb7 34. Ra6 Kd7 35. Kd2 Ke7 36. R3a5 Kd7 37. Bg8 Ke7 38. Bb3 Ng6 39. b5 Ne5 40. bxc6 1-0

[Event "SVK-chT1W 1819"]
[Site "Slovakia"]
[Date "2018.11.24"]
[Round "3.1"]
[White "Sipos, Istvan"]
[Black "Kavon, Rastislav"]
[Result "1-0"]
[WhiteElo "2492"]
[BlackElo "2191"]
[PlyCount "55"]
[EventDate "2018.10.27"]
[EventType "team-tourn"]
[EventRounds "11"]
[EventCountry "SVK"]
[SourceTitle "CBM 187 Extra"]
[Source "ChessBase"]
[SourceDate "2018.11.04"]
[SourceVersion "1"]
[SourceVersionDate "2018.11.04"]
[SourceQuality "1"]
[WhiteTeam "Gabcikovo MSK"]
[BlackTeam "Trnava Sered"]
[WhiteTeamCountry "SVK"]
[BlackTeamCountry "SVK"]

1. e4 e5 2. Nf3 Nc6 3. Bc4 Be7 4. d4 d6 5. dxe5 dxe5 6. Qe2 Bg4 7. c3 Qd7 8. b4 0-0-0 9. Be3 f5 10. exf5 Qxf5 11. h3 Bxf3 12. Qxf3 Qxf3 13. gxf3 Nf6 14. Nd2 Nd5 15. Ne4 Nf4 16. Bb5 a6 17. Bxc6 Nd3+ 18. Ke2 bxc6 19. Rhg1 g6 20. Rg4 Rhf8 21. Rd1 Nb2 22. Rxd8+ Kxd8 23. Nc5 Kc8 24. Bc1 Bxc5 25. bxc5 Nd3 26. Kxd3 Rxf3+ 27. Be3 Rxh3 28. Ke4 1-0

[Event "SVK-chT2A 1819"]
[Site "Slovakia"]
[Date "2018.11.18"]
[Round "4.1"]
[White "Kostolansky, Sebastian Lukas"]
[Black "Kavon, Rastislav"]
[Result "1/2-1/2"]
[WhiteElo "2303"]
[BlackElo "2184"]
[PlyCount "40"]
[EventDate "2018.10.13"]
[EventType "team-tourn"]
[EventRounds "11"]
[EventCountry "SVK"]
[SourceTitle "CBM 189 Extra"]
[Source "ChessBase"]
[SourceDate "2019.06.03"]
[SourceVersion "1"]
[SourceVersionDate "2019.06.03"]
[SourceQuality "1"]
[WhiteTeam "Bratislava Slovan V"]
[BlackTeam "Trnava Lokomotiva"]
[WhiteTeamCountry "SVK"]
[BlackTeamCountry "SVK"]

1. e4 e5 2. Nf3 Nc6 3. Bb5 a6 4. Ba4 Nf6 5. d3 b5 6. Bb3 d6 7. c3 Be7 8. 0-0 0-0 9. Nbd2 Re8 10. Re1 Bf8 11. Nf1 g6 12. Bg5 Bg7 13. Ne3 h6 14. Bh4 Na5 15. Bc2 Bb7 16. a4 Qd7 17. Nd2 c5 18. Qf3 Nh7 19. Nb3 Nc6 20. Nd5 Rab8 1/2-1/2

[Event "SVK-chT2A 1819"]
[Site "Slovakia"]
[Date "2018.11.17"]
[Round "3.2"]
[White "Janos, Martin"]
[Black "Kavon, Rastislav"]
[Result "1-0"]
[WhiteElo "2180"]
[BlackElo "2184"]
[PlyCount "77"]
[EventDate "2018.10.13"]
[EventType "team-tourn"]
[EventRounds "11"]
[EventCountry "SVK"]
[SourceTitle "CBM 189 Extra"]
[Source "ChessBase"]
[SourceDate "2019.06.03"]
[SourceVersion "1"]
[SourceVersionDate "2019.06.03"]
[SourceQuality "1"]
[WhiteTeam "Bratislava Slovan IV"]
[BlackTeam "Trnava Lokomotiva"]
[WhiteTeamCountry "SVK"]
[BlackTeamCountry "SVK"]

1. e4 e5 2. d4 exd4 3. Nf3 Nc6 4. Bc4 Nf6 5. 0-0 d6 6. Nxd4 Be7 7. Nc3 0-0 8. Re1 Re8 9. Nxc6 bxc6 10. Bd3 Rb8 11. Qf3 Ng4 12. h3 Ne5 13. Qe3 Nxd3 14. Qxd3 Bf6 15. Rb1 g6 16. Be3 Rb7 17. b3 Bg7 18. Na4 Bd7 19. Rbd1 Qc8 20. c4 Be6 21. Bd4 Bf8 22. Bb2 Bg7 23. Bxg7 Kxg7 24. e5 d5 25. cxd5 cxd5 26. Qd4 Qb8 27. Qe3 Rb4 28. Rd4 a5 29. Rc1 Bd7 30. Nc5 Bc8 31. a3 Rxd4 32. Qxd4 c6 33. f4 Kg8 34. Rc3 h5 35. Nd3 Bd7 36. Qc5 Qa8 37. Ne1 Rb8 38. Nf3 Rb5 39. Qd6 1-0

[Event "SVK-chT3A2 1819"]
[Site "Slovakia"]
[Date "2018.10.07"]
[Round "1.2"]
[White "Kavon, Rastislav"]
[Black "Bugar, Peter"]
[Result "1-0"]
[WhiteElo "2184"]
[BlackElo "1979"]
[PlyCount "81"]
[EventDate "2018.10.07"]
[EventType "team-tourn"]
[EventRounds "11"]
[EventCountry "SVK"]
[SourceTitle "EXT 2020"]
[Source "ChessBase"]
[SourceDate "2019.10.17"]
[SourceVersion "1"]
[SourceVersionDate "2019.10.17"]
[SourceQuality "1"]
[WhiteTeam "Modranka Komplet"]
[BlackTeam "Dunajska Streda II"]
[WhiteTeamCountry "SVK"]
[BlackTeamCountry "SVK"]

1. e4 e6 2. d4 d5 3. Nc3 Nf6 4. Bg5 Bb4 5. e5 h6 6. Bh4 g5 7. Bg3 Ne4 8. Nge2 c5 9. a3 cxd4 10. axb4 dxc3 11. Nxc3 Nxc3 12. bxc3 Qc7 13. Ra3 Nc6 14. h4 Qe7 15. hxg5 Qxg5 16. Rh5 Qg7 17. b5 Nb8 18. c4 Qf8 19. Ra4 Nd7 20. cxd5 exd5 21. Rah4 Nb6 22. Qd2 Be6 23. Rxh6 Rxh6 24. Rxh6 0-0-0 25. Bh4 Rd7 26. Bf6 Qa3 27. Rh8+ Kc7 28. Bd3 d4 29. Qg5 Qb4+ 30. Ke2 Nc8 31. Qg8 Rd5 32. f4 Qc5 33. Kf2 Ne7 34. Qb8+ Kb6 35. Rd8 Nc8 36. Rxd5 Qxd5 37. f5 Qd7 38. fxe6 fxe6 39. g4 Qe8 40. g5 Qh5 41. Bd8+ 1-0

[Event "SVK-chT2A 1718"]
[Site "Slovakia"]
[Date "2018.02.25"]
[Round "9.3"]
[White "Nestorenko, Dmitry"]
[Black "Kavon, Rastislav"]
[Result "1/2-1/2"]
[WhiteElo "2228"]
[BlackElo "2184"]
[PlyCount "88"]
[EventDate "2017.10.28"]
[EventType "team-tourn"]
[EventRounds "11"]
[EventCountry "SVK"]
[SourceTitle "EXT 2020"]
[Source "ChessBase"]
[SourceDate "2019.10.17"]
[SourceVersion "1"]
[SourceVersionDate "2019.10.17"]
[SourceQuality "1"]
[WhiteTeam "Bratislava Slovan V"]
[BlackTeam "Trnava Lokomotiva II"]
[WhiteTeamCountry "SVK"]
[BlackTeamCountry "SVK"]

1. e4 e5 2. Nf3 Nc6 3. c3 Nf6 4. d4 d6 5. Bd3 g6 6. h3 Bg7 7. Bg5 0-0 8. Qd2 Qe8 9. d5 Ne7 10. c4 Nd7 11. Nc3 a6 12. b4 f5 13. 0-0 f4 14. c5 h6 15. Bxe7 Qxe7 16. cxd6 cxd6 17. Rac1 g5 18. g4 h5 19. Nh2 f3 20. Qe3 hxg4 21. hxg4 Rf4 22. Nxf3 Nf6 23. Ne1 Bxg4 24. f3 Bh3 25. Ng2 Nh5 26. Ne2 Rf7 27. Kh2 Nf4 28. Nexf4 gxf4 29. Qf2 Bf6 30. Rg1 Kh8 31. Nxf4 exf4 32. Kxh3 Rg7 33. Rxg7 Qxg7 34. Rg1 Bg5 35. Rg4 Rg8 36. Kh2 Qh6+ 37. Kg1 Bf6 38. Rxg8+ Kxg8 39. Qg2+ Qg7 40. Qxg7+ Kxg7 41. b5 axb5 42. Bxb5 Bd4+ 43. Kg2 Kf6 44. Kh3 Ke5 1/2-1/2

[Event "SVK-chT3A2 1718"]
[Site "Slovakia"]
[Date "2018.01.21"]
[Round "8.4"]
[White "Veselsky, Jozef"]
[Black "Kavon, Rastislav"]
[Result "1-0"]
[WhiteElo "2125"]
[BlackElo "2213"]
[PlyCount "99"]
[EventDate "2017.10.08"]
[EventType "team-tourn"]
[EventRounds "11"]
[EventCountry "SVK"]
[SourceTitle "EXT 2020"]
[Source "ChessBase"]
[SourceDate "2019.10.17"]
[SourceVersion "1"]
[SourceVersionDate "2019.10.17"]
[SourceQuality "1"]
[WhiteTeam "Potonska Veza II"]
[BlackTeam "Modranka Komplet"]
[WhiteTeamCountry "SVK"]
[BlackTeamCountry "SVK"]

1. d4 Nf6 2. Nf3 g6 3. c4 Bg7 4. Nc3 0-0 5. e4 d6 6. Be2 e5 7. dxe5 dxe5 8. Qxd8 Rxd8 9. Bg5 Re8 10. Nd5 Nxd5 11. cxd5 c6 12. Bc4 b5 13. Bb3 Bb7 14. Rc1 h6 15. Be3 Rc8 16. 0-0 Nd7 17. dxc6 Bxc6 18. Rfd1 Nb6 19. Nd2 Rc7 20. f3 Rac8 21. Nb1 Bf8 22. Nc3 b4 23. Nd5 Bxd5 24. exd5 Rxc1 25. Rxc1 Rxc1+ 26. Bxc1 Bc5+ 27. Kf1 h5 28. Ke2 Kf8 29. Be3 Bxe3 30. Kxe3 Nc8 31. f4 exf4+ 32. Kxf4 Ke7 33. Ke5 g5 34. g3 f6+ 35. Kf5 Nd6+ 36. Kg6 h4 37. gxh4 gxh4 38. Kh5 f5 39. Kxh4 Kf6 40. Kg3 Ke5 41. h4 Ne8 42. h5 Nf6 43. h6 a5 44. Kf3 Nh7 45. Ke3 Ng5 46. Bc2 f4+ 47. Ke2 Kxd5 48. h7 Nxh7 49. Bxh7 Kd4 50. Bc2 1-0

[Event "SVK-chT3A2 1718"]
[Site "Slovakia"]
[Date "2018.01.07"]
[Round "7.3"]
[White "Kavon, Rastislav"]
[Black "Liptak, Dusan"]
[Result "0-1"]
[WhiteElo "2213"]
[BlackElo "2111"]
[PlyCount "68"]
[EventDate "2017.10.08"]
[EventType "team-tourn"]
[EventRounds "11"]
[EventCountry "SVK"]
[SourceTitle "EXT 2020"]
[Source "ChessBase"]
[SourceDate "2019.10.17"]
[SourceVersion "1"]
[SourceVersionDate "2019.10.17"]
[SourceQuality "1"]
[WhiteTeam "Modranka Komplet"]
[BlackTeam "Cifer"]
[WhiteTeamCountry "SVK"]
[BlackTeamCountry "SVK"]

1. e4 c5 2. Nf3 d6 3. d4 cxd4 4. Nxd4 Nf6 5. Nc3 a6 6. h3 e5 7. Nb3 Be6 8. f4 Nbd7 9. f5 Bxb3 10. axb3 d5 11. exd5 Bc5 12. Bg5 0-0 13. Qe2 Bd4 14. Bd2 Rc8 15. 0-0-0 b5 16. Kb1 Qc7 17. Rc1 Rfe8 18. g4 e4 19. g5 e3 20. gxf6 exd2 21. Qxd2 Be3 22. Qg2 Nxf6 23. Rd1 Qe5 24. Be2 Rxc3 25. bxc3 Ne4 26. Rd3 Nxc3+ 27. Rxc3 Qxc3 28. Qf3 Qe5 29. Bd3 Bg5 30. Ka2 Qc3 31. Be4 Qa5+ 32. Kb2 Bf6+ 33. Kc1 Qa1+ 34. Kd2 Qd4+ 0-1

[Event "SVK-chT2A 1718"]
[Site "Slovakia"]
[Date "2017.10.29"]
[Round "2.2"]
[White "Sahidi, Samir"]
[Black "Kavon, Rastislav"]
[Result "0-1"]
[WhiteElo "2259"]
[BlackElo "2182"]
[PlyCount "136"]
[EventDate "2017.10.28"]
[EventType "team-tourn"]
[EventRounds "11"]
[EventCountry "SVK"]
[SourceTitle "EXT 2019"]
[Source "ChessBase"]
[SourceDate "2018.10.10"]
[SourceVersion "1"]
[SourceVersionDate "2018.10.10"]
[SourceQuality "1"]
[WhiteTeam "Bratislava Doprastav"]
[BlackTeam "Trnava Lokomotiva II"]
[WhiteTeamCountry "SVK"]
[BlackTeamCountry "SVK"]

1. e4 e5 2. Nf3 Nc6 3. d4 exd4 4. Bc4 Nf6 5. e5 d5 6. Bb5 Ne4 7. 0-0 Be7 8. Nxd4 Bd7 9. Bxc6 bxc6 10. Nc3 Nxc3 11. bxc3 a5 12. Be3 a4 13. Qf3 0-0 14. Nf5 Bxf5 15. Qxf5 Qc8 16. Qd3 Qe6 17. f4 Rfb8 18. Rae1 f5 19. Rb1 Rxb1 20. Rxb1 d4 21. cxd4 Qxa2 22. c3 g6 23. Bc1 a3 24. h3 Kg7 25. Kh2 Ra7 26. Bd2 Ra4 27. g4 Qe6 28. gxf5 Qxf5 29. Qxf5 gxf5 30. Kg3 Kf7 31. Kf3 Ke6 32. Ke2 Kd5 33. Kd3 c5 34. dxc5 Bxc5 35. Ra1 Bf8 36. Kc2 Kc4 37. Ra2 Ra6 38. Bc1 Bc5 39. Ra1 Ra8 40. Ra2 Ra6 41. Ra1 Rh6 42. Bxa3 Rxh3 43. Bc1 Rxc3+ 44. Kd1 h5 45. Ke2 h4 46. Bd2 Rg3 47. Rc1+ Kd5 48. Be1 Re3+ 49. Kd2 Rf3 50. Ke2 Rxf4 51. e6 Re4+ 52. Kf3 Bd6 53. Kg2 Kxe6 54. Kh3 Be7 55. Bf2 Re2 56. Bg1 Bd6 57. Kxh4 Rg2 58. Re1+ Kd5 59. Rd1+ Ke4 60. Ba7 f4 61. Rd4+ Kf5 62. Rd5+ Ke6 63. Rd3 Kf5 64. Rd5+ Be5 65. Kh3 f3 66. Rxe5+ Kxe5 67. Bb8 Rc2 68. Kg3 Ke4 0-1

[Event "SVK-chT U18 final"]
[Site "Banska Bystrica"]
[Date "2017.05.05"]
[Round "1.2"]
[White "Jakab, Bela"]
[Black "Kavon, Rastislav"]
[Result "1/2-1/2"]
[WhiteElo "2216"]
[BlackElo "2145"]
[PlyCount "71"]
[EventDate "2017.05.05"]
[EventType "team-tourn"]
[EventRounds "5"]
[EventCountry "SVK"]
[SourceTitle "CBM 178 Extra"]
[Source "ChessBase"]
[SourceDate "2017.06.22"]
[SourceVersion "1"]
[SourceVersionDate "2017.06.22"]
[SourceQuality "1"]
[WhiteTeam "Komarno KSC"]
[BlackTeam "Modranka Komplet"]
[WhiteTeamCountry "SVK"]
[BlackTeamCountry "SVK"]

1. e4 e5 2. Nf3 Nc6 3. Bc4 Bc5 4. c3 Nf6 5. d3 d6 6. 0-0 0-0 7. Bb3 h6 8. Nbd2 Re8 9. Re1 Be6 10. Nf1 Bb6 11. Be3 Ne7 12. Nh4 Qd7 13. Ng3 Rad8 14. Bxe6 fxe6 15. Bxb6 axb6 16. Nh5 Rf8 17. Re3 Qe8 18. Nxf6+ Rxf6 19. Rf3 Rxf3 20. Qxf3 Qf7 21. Kf1 Nc6 22. Qxf7+ Kxf7 23. g3 Kf6 24. Ke2 Ra8 25. a3 Rf8 26. f4 exf4 27. gxf4 g6 28. Rg1 Ne7 29. Ke3 Ra8 30. Nf3 Nc6 31. d4 Ra5 32. c4 b5 33. e5+ Kf7 34. d5 exd5 35. cxd5 Ne7 36. Rd1 1/2-1/2